LEADER 01141nam a2200253 i 4500 001 000000081588 003 CaOOAMICUS 005 20260407102337.0 008 180312s2010 it u000 u ita u 020 $a978-88-00-20761-2 040 $aSeMil$bita 100 1 $aNocentini, Alberto,$d<1944- >.$0(OLS)http://semarc/name/91725 245 12$aL'etimologico :$bvocabolario della lingua italiana /$cAlberto Nocentini ; con la collaborazione di Alessandro Parenti. 264 1$aFirenze :$bLe Monnier,$c2010. 300 $aXXII, 1353 p. ;$c25 cm. 650 4$aLingua italiana - Dizionari etimologici.$0(OLS)http://semarc/subject/170 700 1 $aParenti, Alessandro,$d<1965- >.$0(OLS)http://semarc/name/91726 850 $aSeMil 852 $aSeMil$W1$xVenegono$y1$mSL1.A III 3$j269719$B46801$CSeMilBibl$Z2$F49187 $8I 961 $aAcquisto: Casalini 996 $6020$a978-88-00-20761-2$9(OLS)http://semarc/number/271125 996 $6245$aL'etimologico :$bvocabolario della lingua italiana$9(OLS)http://semarc/title/404626 996 $6264$aFirenze :$bLe Monnier$9(OLS)http://semarc/publisher/30060